|
|
|
|
| LEADER |
00000nab a2200000 a 4500 |
| 001 |
vtls000432564 |
| 003 |
SK-MaSNL |
| 005 |
20260318132944.0 |
| 008 |
160204c1989 xo 0 eng |
| 015 |
|
|
|a SNBRA19rr/mm-uuuuu
|
| 035 |
|
|
|a CL0432692
|
| 040 |
|
|
|a SNKBUCL
|b slo
|c SNKBUCL
|e AACR2
|
| 041 |
0 |
|
|a slo
|
| 044 |
|
|
|a xo
|c SK
|
| 080 |
|
|
|a 556.12.001.57:628.191
|2 1981
|
| 080 |
|
|
|a 628.191
|2 1981
|
| 080 |
|
|
|a 519.22
|2 1981
|
| 080 |
|
|
|a 551.578.1
|2 1981
|
| 100 |
1 |
|
|a Harremoěs, P.
|4 aut
|9 1231089
|
| 245 |
1 |
0 |
|a Statistical features of modelling pollution from stormwater discharges
|c P. Harremoěs
|
| 300 |
|
|
|b Grafy 8. Tb. 1., lit. 16 zázn. v angl., nem.
|
| 650 |
0 |
7 |
|a vodné zrážky
|2 snkbucl
|9 26672
|
| 655 |
|
7 |
|a články zo zborníkov
|2 snkbucl
|9 166140
|
| 773 |
0 |
|
|t Aktuálne problémy v odkanalizovaní miest a priemyselných závodov
|d Bratislava : Dom techniky ČSVTS, 1989
|g S. 79-84
|
| 850 |
|
|
|a Slovenská národná knižnica v Martine
|a MTA001
|
| 852 |
|
|
|a SNK
|b KIS3GCP
|
| 958 |
|
|
|a NB
|
| 958 |
|
|
|a RK
|
| 992 |
|
|
|a RZB
|
| 999 |
|
|
|c 2169155
|d 2171085
|